| 000 | 00367 a2200145 4500 | ||
|---|---|---|---|
| 001 | 72716 | ||
| 020 | _a8575180037 | ||
| 040 | _cAnchieta - Colégio São Paulo | ||
| 240 | 1 | 0 |
_aNova enciclopédia Barsa _lpor |
| 245 | 1 | 0 | _aNova enciclopédia Barsa |
| 300 | _a506 | ||
| 362 | 0 | _a2002 | |
| 650 | 4 | _aEnciclopédias gerais de línguas espanhola e portuguesa | |
| 942 | _cBK | ||
| 999 |
_c72716 _d72716 |
||